Vista normal
Vista MARC
Entrada Topical Term
Número de registros utilizados en: 1
001 - CONTROL NUMBER
- control field: 10089
003 - CONTROL NUMBER IDENTIFIER
- control field: OSt
005 - DATE AND TIME OF LATEST TRANSACTION
- control field: 20200909213446.0
008 - FIXED-LENGTH DATA ELEMENTS
- fixed length control field: 200909|| aca||aabn | a|a d
040 ## - CATALOGING SOURCE
- Original cataloging agency: OSt
- Transcribing agency: OSt
150 ## - HEADING--TOPICAL TERM
- Topical term or geographic name entry element: Acción del Estado
- General subdivision: (Derechos civiles)
670 ## - SOURCE DATA FOUND
- Source citation: Work cat.: (OSt)4021: Centro Nacional de Memoria Histórica 10077, Balance de la acción del estado Colombiano frente a la desaparición forzada de personas / , 2014